000 02716nam0a2200433 4500
001 RU\NLR\bibl\1869160
005 20260408204936.0
010 _a978-5-7513-1526-9
_9150
021 _aRU
_b2012-1663
_9130
035 _a(nilc)RSL-KNO-005384248
035 _a(NLR Aleph) 001859015
090 _a2505523
_c2505523
100 _a20120206d2011 |||y0rusy50 ca
101 0 _arus
_asah
102 _aRU
105 _ay |||||||||
200 1 _aВоспитание: созидание, сотворчество и забота
_eсборник статей, посвященный 80-летнему юбилею кандидата педагогических наук, профессора Матрены Денисовны Гермогеновой
_fМ-во образования и науки Российской Федерации, ФГАОУ ВПО "Сев.-Вост. федеральный ун-т им. М. К. Аммосова", Пед. ин-т, Каф. возрастной и пед. психологии
_g[гл. ред. А. А. Григорьева]
210 _aЯкутск
_cИзд. дом Сев.-Вост. федерального ун-та
_d2011
215 _a202 с.
_cил., табл.
_d21
300 _aТекст рус., якут.
320 _aБиблиогр. в конце ст.
320 _aСписок трудов М. Д. Гермогеновой: с. 201-202
600 1 _aГермогенова
_bМ. Д.
_gМатрена Денисовна
_jСборники
_3RU\NLR\auth\661589215
_92130093
606 1 _aВоспитание
_jСборники
_9893560
_3RU\NLR\auth\663355
606 1 _aПедагогика
_jСборники
_xНаучно-исследовательская работа студентов
_91843485
_3RU\NLR\auth\66834747
686 _aЧ421,6(2)3я43
_2rubbk
686 _aЧ33(2)7-8Гермогенова М.Д.я43
_2rubbk
686 _aЧ484(2)7-8Гермогенова я43
686 _aЧ313я43
686 _aЧ486.63-268я43
702 1 _4340
_8rus
_7ca
_aГригорьева
_bА. А.
_cд-р пед. наук
_f1958-
_gАнтонина Афанасьевна
_3RU\NLR\auth\7740728
_923679
702 1 _aГермогенова
_bМ. Д.
_gМатрена Денисовна
_4570
712 0 2 _4570
_aСеверо-Восточный федеральный университет им. М. К. Аммосова
_cЯкутск
_bПедагогический институт
_bКафедра возрастной и педагогической психологии
_3RU\NLR\AUTH\8810209963
_9307117
801 0 _aRU
_bRuMoRKP
_c20120206
_grcr
801 1 _aRU
_bРГБ
_c20120206
801 2 _aRU
_bNLR
_c20120214
_grcr
942 _cBOOK
980 _aNB
980 _aNBR